Top 10 NBA Shooting Guards 2025 - Statistics

General Stats
  • This quiz has been taken 388 times
  • The average score is 7 of 10
Answer Stats
# Answer % Correct
1 Anthony Edwards
83%
3 Kyrie Irving
82%
2 Donovan Mitchell
81%
4 Derrick White
72%
6 Bradley Beal
65%
9 Zach LaVine
59%
8 Tyler Herro
58%
7 Jalen Green
53%
5 Dejounte Murray
52%
10 Desmond Bane
51%
No matching quizzes found
Score Distribution
Percent of People with Each Score
Percentile by Number Answered
Your Score History
You have not taken this quiz